| 000 | 01209nam a22002535i 4500 | ||
|---|---|---|---|
| 001 | 165077 | ||
| 003 | ES-MaACL | ||
| 005 | 20251003185628.0 | ||
| 008 | 990726s1846 sp |||| | spa d | ||
| 040 |
_aCCPB | B _bspa _cCCPB | B |
||
| 100 | 0 |
_aScribe, Eugène. _9104966 |
|
| 245 | 1 | 0 |
_aJuana y Juanita _b: comedia en dos actos / _cescrita en francés por Scribe ; y arreglada a la escena española por Ramón de Navarrete e Isidoro Gil. |
| 260 |
_aMadrid : _b[Manuel Delgado], _c1846 ( _fImprenta de José Repullés) |
||
| 300 |
_a47 p. ; _c19 cm. |
||
| 490 | 1 | _aGalería dramática | |
| 500 | _aEn port.: Estrenada en el teatro del Príncipe el 29 de enero de 1846. | ||
| 595 | _aEn port. constan las iniciales de Manuel Delgado. | ||
| 700 | 1 |
_aNavarrete, Ramón de, _d1818-1897 _985042 |
|
| 700 | 1 |
_aGil y Baus, Isidoro, _d1814-1866 _956736 |
|
| 830 | 0 |
_aGalería dramática _9186796 |
|
| 852 |
_aES-MaACL _jF-8621(3) _z-- Enc. pasta española, falto de la cub. original _z-- Enc. en un vol. facticio formando parte de la col. facticia "Teatro español moderno", vol. 76" _z.- Dedicatoria manuscrita del traductor "A su querida mamá" |
||
| 999 |
_c165077 _d165077 |
||